000 00805cab a2200265 4500
001 ABS56851
008 090401t1997 xxu||||| |||| 00| 0 eng d
035 _a(Sirsi) u77967
041 _aeng
245 _aTechnology focus
260 _c1997
350 _a0
490 _aPlanning (for the Natural and Built Environment)
_v11 April 1997, 16-26(9)
520 _aA special report on technology and planning. Covers the World Wide Web, GIS systems, home-working, electronic shopping and televillages.
650 _aELECTRONIC SHOPPING
650 _aGIS
650 _aHOME-WORKING
650 _aINTERNET
650 _aPLANNERS
650 _aTELEVILLAGES
650 _aWORLD WIDE WEB
690 _aMANAGEMENT-BUSINESS MANAGEMENT-INFORMATION MANAGEMENT
942 _n0
948 _c25/04/1997
999 _c49038
_d49038